00793nam a2200217 a 450000100100000000500170001000800410002704000250006808200250009310000280011824500560014625000120020226000510021430000170026550000320028250400400031465000530035465000430040795201100045099900150056000000686120200929154018.0090903s1977 dr 001 0 spa d aDO-SdBNPbspacBNPHU a346.07cT273p., 19771 aTellado, Antonio91648610aPráctica de derecho comercial /cAntonio Tellado. a3a. ed. aSanto Domingo :bLibrería Dominicana,c1977. av. ;c23 cm. aLa biblioteca posee el v. 1 aIncluye bibliografía (p. 305-306) 4aDerecho comercialzRepública Dominicana914449 4aDerecho comercialxLegislación95940 0010718PDaPDbPDcCTd2009-09-03iLF1l0o346.07 p6861-10r2020-06-25w2020-06-25yLFPDZNo se presta c6649d6649